000 00606nam a22002057a 4500
005 20240828120049.0
010 _aENG-141491
020 _c395.00
_a9788192190673
035 _aEN-125023
037 _bDBAD
082 _aS
_2FIRST
100 _aGupta, Monica Sudhir
_970633
245 _aNarayani True Story Of A Sati /
_cby Monica Sudhir Gupta
250 _aFirst
260 _aDelhi
_bVitasta Publishing Pvt ltd.
_c2023
270 _bDelhi
_a2/15, Ansari Road, Daryaganj New Delhi
_e110002
_minfo@vitastapublishing.com
300 _a235p.
_c20 cm(pb)
700 _970620
942 _2ddc
_cEN
_hS
_mGUP
999 _c205333
_d205333